| 000 | 01490cam a22002054a 4500 | ||
|---|---|---|---|
| 005 | 20250605163935.0 | ||
| 008 | 250528s ||||||||||||||||||||||||d | ||
| 035 | _a14847 | ||
| 020 | _a803986505 | ||
| 040 |
_aGR-AtMCL _bgre _dGR-AtMCL _eAACR2 |
||
| 245 | 1 | _aTelevision and the Public Interest / Vulnerable Values in West European Broadcasting | |
| 250 | _a1st | ||
| 260 |
_bSage Publications, _c1992 |
||
| 300 | _a248 | ||
| 520 | _aThis broad-ranging book includes a wealth of information on broadcasting policy issues and practice in West European nations. Foreword, Acknowledgements, Introduction: Current Confrontations in West European Television, West European Television in Transition, Public Service Broadcasting Before the Commercial Deluge, Vulnerable Values at Stake, National Experience, Protecting Vulnerable Values in the German Broadcasting Order, Broadcasting Regulation in Britain, The Netherlands: Safeguarding Freedom and Diversity under Multichannel Conditions, Vulnerable Values in a Changing Political and Media System: The Case of Sweden, Television in a Small Multicultural Society: The Case of Switzerland, Values and Normative Choices in French Television, Vulnerable Values in Spanish Multichannel Television, Policies and Directions, New Roles for Public Service Television, Toward Renewed Public Accountability in Broadcasting, Index, Notes on the Contributors. | ||
| 700 | 1 |
_aBlumler Jay G. _9619 |
|
| 942 | _cBK | ||
| 999 |
_c458 _d458 |
||